Textbook on rural development entrepreneurship and communication skills (Record no. 221674)

MARC details
000 -LEADER
fixed length control field 01090nam a22002177a 4500
005 - DATE AND TIME OF LATEST TRANSACTION
control field 20220426115543.0
008 - FIXED-LENGTH DATA ELEMENTS--GENERAL INFORMATION
fixed length control field 220303b ||||| |||| 00| 0 eng d
020 ## - INTERNATIONAL STANDARD BOOK NUMBER
International Standard Book Number 978-9327220698
040 ## - CATALOGING SOURCE
Transcribing agency AL
041 ## - LANGUAGE CODE
Language code of text/sound track or separate title eng
082 ## - DEWEY DECIMAL CLASSIFICATION NUMBER
Edition number 23
Classification number 307.1412
Item number MONT
100 ## - MAIN ENTRY--PERSONAL NAME
Personal name Sagar Mondal
9 (RLIN) 22455
245 ## - TITLE STATEMENT
Title Textbook on rural development entrepreneurship and communication skills
260 ## - PUBLICATION, DISTRIBUTION, ETC.
Place of publication, distribution, etc. New Delhi
Name of publisher, distributor, etc. Kalyani Publishers
Date of publication, distribution, etc. 2007
300 ## - PHYSICAL DESCRIPTION
Extent 551p.
Other physical details PB
Dimensions 24x17cm.
365 ## - TRADE PRICE
Source of price type code General
Price type code MLSH21CRB339/20-02-2022
Price amount ₹260.00
Currency code
Unit of pricing ₹325.00
Price note 20%
Price effective from 20-02-20222
520 ## - SUMMARY, ETC.
Summary, etc. Rural development; development programmes i India; approaches to rural development in India; rural development programmes and strategy in India; programmes for agricultural development; programmes in horiculture forestry and sericulture for rural development; programmes in animal husbandry dairy veterinary and fishery for rural development; programmes for promoting health nutrition family welfare and education.
650 ## - SUBJECT ADDED ENTRY--TOPICAL TERM
Source of heading or term Communities
Topical term or geographic name entry element Rural Development
9 (RLIN) 30778
700 ## - ADDED ENTRY--PERSONAL NAME
Personal name Ray G L
9 (RLIN) 22456
942 ## - ADDED ENTRY ELEMENTS (KOHA)
Source of classification or shelving scheme Dewey Decimal Classification
Koha item type Book
Holdings
Withdrawn status Lost status Source of classification or shelving scheme Damaged status Not for loan Collection code Home library Current library Date acquired Source of acquisition Cost, normal purchase price Total Checkouts Full call number Barcode Date due Date last seen Date last checked out Cost, replacement price Price effective from Koha item type
    Dewey Decimal Classification     Economics St Aloysius PG Library St Aloysius PG Library 03/02/2022 Sapna Book House 260.00 5 307.1412 MONT PG023665 01/15/2026 09/16/2025 09/16/2025 325.00 02/20/2022 Book